| 000 | 00750nam a2200265 a 4500 | ||
|---|---|---|---|
| 001 | BRL_1091 | ||
| 005 | 20190320211030.0 | ||
| 008 | 111113s1977----enka######---#000-0#eng-# | ||
| 020 | _a490004008 | ||
| 041 | _aeng | ||
| 044 | _aenk | ||
| 050 | 4 |
_aTT28 _b.S29 1977 |
|
| 100 | 1 |
_aSayer, Chloë _94413 |
|
| 245 | 1 | 0 |
_aCrafts of Mexico _cChloë Sayer ; photographed by Marcos Ortíz. |
| 260 |
_aLondon _bAldus Books _c1977 |
||
| 300 |
_a142 p. _bil. (algunas a color) _c28 cm. |
||
| 440 | 0 |
_aCrafts of the world _925783 |
|
| 500 | _aAu1218 | ||
| 504 | _aBibliografía: p. [144] | ||
| 650 | 1 | 4 |
_aArtesanías _zMéxico _93976 |
| 650 | 1 | 4 |
_aArtes decorativas _zMéxico _93532 |
| 700 | 1 |
_aOrtíz, Marcos _eil. _925784 |
|
| 902 | _aGRL | ||
| 942 |
_2lcc _cB |
||
| 999 |
_c9903 _d9903 |
||